000 00336 a2200157 4500
001 48273
020 _a8526238620
040 _cAnchieta - Bela Vista
100 _aBraz, Júlio Emílio
240 1 0 _aPollyanna
_lpor
245 1 0 _aPollyanna
300 _a48p.
362 0 _a2001
650 4 _aLiteratura infanto-juvenil
942 _cBK
999 _c48273
_d48273